Quelle est cette ville Italienne ? - Statistiques

Statistiques générales
  • Ce quiz a été pris 126 fois
  • Le résultat moyen est 9 sur 16
Statistiques - réponses
Par images Réponse % Correct
Rome
100%
Venise
100%
Milan
97%
Pise
97%
Turin
81%
Naples
79%
Bologne
68%
Gênes
60%
Vérone
41%
Sienne
27%
Bergame
22%
Cagliari
22%
Cinque Terre
22%
Lecce
18%
Portofino
15%
Bellagio
6%
Aucun quiz correspondant
Distribution des résultats
% des personnes avec chaque résultat
Percentile par nombre de réponses
Votre historique - résultats
Vous n’avez pas pris ce quiz